| 000 | 00994cam a2200313 4500 | ||
|---|---|---|---|
| 999 |
_c80218 _d80218 |
||
| 001 | 827777051 | ||
| 003 | DE-627 | ||
| 005 | 20201130143244.0 | ||
| 007 | tu | ||
| 008 | 150622s2013 gw ||||| 00| ||ger c | ||
| 020 | _a9783000434242 | ||
| 035 | _a(DE-627)827777051 | ||
| 035 | _a(DE-599)GBV827777051 | ||
| 035 | _a(OCoLC)951444992 | ||
| 040 |
_aDE-627 _bger _cDE-627 _erakwb _dStAFF |
||
| 041 | _ager | ||
| 044 | _cXA-DE | ||
| 245 | 1 | 0 |
_aLandesgartenschauen in Brandenburg _cRed.: Michael Steinland |
| 264 | 1 |
_a[s.l.] _bVerein zur Förderung von Landesgartenschauen Land Brandenburg _c[2013] |
|
| 300 |
_a143 S _bIll |
||
| 336 |
_aText _btxt _2rdacontent |
||
| 337 |
_aohne Hilfsmittel zu benutzen _bn _2rdamedia |
||
| 338 |
_aBand _bnc _2rdacarrier |
||
| 650 | 4 | _aGartenschau/Brandenburg/Garten/Landesgartenschau/Luckau/Eberswalde/Rathenow/Oranienburg/Prenzlau/Brandenburg <Land>/Garten | |
| 951 | _aBO | ||
| 700 | 1 |
_aSteinland, Michael _4oth |
|
| 942 |
_2z _cB |
||